Hollywood Actors Movies - Statistics

General Stats
  • This quiz has been taken 335 times
  • The average score is 9 of 15
Answer Stats
Movie Actor % Correct
The Departed, The Revenant, Catch Me if You Can Leonardo Dicaprio
94%
Mr. and Mrs. Smith, World War Z Brad Pitt
93%
I Am Legend, After Earth, Pursuit of Happiness Will Smith
93%
The Martian, Good Will Hunting Matt Damon
85%
The Dark Knight, American Psycho Christian Bale
76%
The Hangover, American Sniper Bradley Cooper
71%
Django Unchained, Ray, Annie Jamie Foxx
70%
The Amazing Spider-Man, Hacksaw Ridge Andrew Garfield
61%
American History X, Fight Club Edward Norton
60%
40 Year Old Virgin, Date Night Steve Carell
60%
There Will be Blood, Gangs of New York, Lincoln Daniel Day-Lewis
54%
Manchester by the Sea, Prisoners Casey Affleck
51%
Whiplash, Juno, The Accountant J.K. Simmons
29%
This is the End, Neighbors, Sausage Party Seth Rogen
27%
Inglourious Basterds, Django Unchained Christoph Waltz
19%
No matching quizzes found
Score Distribution
Percent of People with Each Score
Percentile by Number Answered
Your Score History
You have not taken this quiz